Documentos pertenecientes a las observaciones sobre la historia de la guerra de España que escribieron los señores Clarke, Southey, Londonderry y Napier / (Registro nro. 39775)

Detalles MARC
000 -LEADER
campo de control de longitud fija 00783nam a2200181 i 4500
001 - NÚMERO DE CONTROL
campo de control 39775
003 - IDENTIFICADOR DE NÚMERO DE CONTROL
campo de control ES-MaACL
005 - FECHA Y HORA DE LA ÚLTIMA TRANSACCIÓN
campo de control 20230912063106.0
007 - CAMPO FIJO DE DESCRIPCIÓN FÍSICA--INFORMACIÓN GENERAL
campo de control de longitud fija t|
008 - DATOS DE LONGITUD FIJA--INFORMACIÓN GENERAL
campo de control de longitud fija 030304s1835 sp |||| | spa d
100 1# - ENTRADA PRINCIPAL--NOMBRE DE PERSONA
Nombre de persona Canga Argüelles, José,
Fechas asociadas al nombre 1770-1842
9 (RLIN) 153831
245 10 - MENCIÓN DEL TÍTULO
Título Documentos pertenecientes a las observaciones sobre la historia de la guerra de España que escribieron los señores Clarke, Southey, Londonderry y Napier /
Mención de responsabilidad, etc. publicado en Londres, el año de 1829 por José Canga Argüelles.
260 ## - PUBLICACIÓN, DISTRIBUCIÓN, ETC.
Lugar de publicación, distribución, etc. Madrid :
Nombre del editor, distribuidor, etc. [s.n.,
Fecha de publicación, distribución, etc. 1835] (
Fabricante Imp. Marcelino Calero)
300 ## - DESCRIPCIÓN FÍSICA
Extensión 3 v. ;
Dimensiones 21 cm.
651 #4 - PUNTO DE ACCESO ADICIONAL DE MATERIA--NOMBRE GEOGRÁFICO
Nombre geográfico España-
Subdivisión general Historia-
Subdivisión cronológica 1808-1814, Guerra de la Independencia-
Subdivisión de forma Fuentes.
9 (RLIN) 142504
852 ## - LOCALIZACIÓN
Encuadernación
Ubicación BA
Número de control de estantería R-2375-77 Olim: G-742-4
Existencias
Estatus retirado Estado de pérdida Estado de daño No para préstamo Colección Biblioteca de origen Biblioteca actual Ubicación en estantería Fecha de adquisición Fuente de adquisición Total de préstamos Signatura topográfica completa Código de barras Visto por última vez Precio de reemplazo Tipo de ítem Koha
        Libros del s. XIX Biblioteca del Ateneo de Madrid Biblioteca del Ateneo de Madrid Depósito 17/01/2008     R-2375-77 1041885 23/02/2023 23/02/2023 Libro impreso antiguo